| 000 | 02732cam a22005174i 4500 | ||
|---|---|---|---|
| 003 | PE-LiUPU | ||
| 005 | 20250731172709.0 | ||
| 008 | 150617s1969 sp rb 000 0 spa d | ||
| 035 | _a(Sirsi) a10414 | ||
| 040 |
_aPE-LiUPU _bspa _cPE-LiUPU _erda |
||
| 049 | _aPRUA | ||
| 082 | 0 | 4 |
_a232.908 _bC77 _221 |
| 100 | 1 |
_aCordero, Maximiliano G., _eautor. |
|
| 245 | 1 | 0 |
_aJesucristo como problema : _bLos grandes interrogantes entorno al hombre-Dios / _cMaximiliano G. Cordero. |
| 264 | 1 |
_aGuadalajara, España : _bEditorial Ope, _c1969. |
|
| 300 |
_a448 páginas ; _c24 centímetros |
||
| 336 |
_atext _2rdacontent |
||
| 337 |
_aunmediated _2rdamedia |
||
| 338 |
_avolume _2rdacarrier |
||
| 490 | 1 | _aBiblioteca Ope | |
| 504 | _aIncluye bibliografía. | ||
| 505 | 0 | _aCristo, el gran enigma de la historia -- Historicidad de las fuentes evangélicas -- Ambiente histórico-religioso de los evangelios -- La realidad de la existencia de Cristo -- El gran misterio: el hombre-Dios -- Jesús Mesías -- La realidad y unidad ontológica de Cristo -- La conciencia psicológica de Cristo -- El alma de Jesús -- Semblanza espiritual de Jesús -- Semblanza moral de Jesús -- Semblanza intelectual de Jesús -- Semblanza corporal de Jesús -- Jesús frente a la vida y las cosas -- Cristo, redentor, mediador y sacerdote -- Interpretación de Cristo en la primitiva comunidad cristiana -- Las controversias cristológicas -- Las directrices esenciales del mensaje de Cristo -- Los modos de hablar de Jesús -- El mensaje de Jesús y sus relaciones con el judaísmo. | |
| 526 | _aSEG42 | ||
| 526 | _aSEG41 | ||
| 526 | _aSEG40 | ||
| 526 | _aSEG39 | ||
| 526 | _aP94 | ||
| 526 | _aP87 | ||
| 526 | _aP86 | ||
| 526 | _aP85 | ||
| 526 | _aP77 | ||
| 526 | _aP76 | ||
| 526 | _aP35 | ||
| 600 | 1 |
_aJesucristo _xHistoricidad _95046 |
|
| 650 | 0 | 4 | _aCristología. |
| 910 |
_ajck _bjvq _cjck _d20150616 |
||
| 942 |
_2ddc _cBOOK |
||
| 949 |
_a232.908 C77 _wDEWEY _c1 _i39199 _lCCODEBUL1 _mBUL _p30.00 _r0 _sY _tBOOK _u19751029 _xTEOLOGIA _PP35 _0COMPRA _o.STAFF. Colección Teología |
||
| 949 |
_a232.908 C77 _wDEWEY _c2 _i13503 _lCCODEBUL1 _mBUL _p30.00 _r0 _sY _tBOOK _u19751029 _xTEOLOGIA _PP35 _0COMPRA _o.STAFF. Colección Teología |
||
| 994 |
_aC0 _bPEPRU |
||
| 596 | _a1 | ||
| 999 |
_a232.908 C77 _wDEWEY _c459 _i39199 _d459 _e2015-10-20 _f2021-11-11 _g5 _lCCODEBUL1 _mBUL _n3 _p25.00 _r0 _sY _tBOOK _u2015-6-17 _xTEOLOGIA _PP35 _0COMPRA _o.STAFF. Colección Teología |
||
| 999 |
_a232.908 C77 _wDEWEY _c2 _i13503 _d2016-10-21 _e2016-10-21 _kCHECKEDOUT _lCCODEBUL1 _mBUL _n4 _p25.00 _rM _sY _tBOOK _u2015-6-17 _xTEOLOGIA _PP35 _0COMPRA _o.STAFF. Colección General |
||
| 980 |
_81 _gALBERTO SANCHEZ Responsable de Automatización |
||